Организация контроля по учебной дисциплине "Практический курс аудирования" (3 ступень) с привлечением мультимедийных технологий; Уровневая подготовка специалистов: электронное обучение и открытые образовательные ресурсы
| Parent link: | Уровневая подготовка специалистов: электронное обучение и открытые образовательные ресурсы.— 2014.— [С. 138-140] |
|---|---|
| 第一著者: | |
| 団体著者: | |
| 要約: | Заглавие с титульного листа. The article presents the pattern of integration of electronic educational resource EAP Toolkit into the educational program of listening comprehension skills training and the ways of application of this resource to final control tests. |
| 言語: | ロシア語 |
| 出版事項: |
2014
|
| シリーズ: | Современные технологии обучения в инженерном образовании. Среда электронного обучения как инструмент организации учебного процесса |
| 主題: | |
| オンライン・アクセス: | http://earchive.tpu.ru/handle/11683/25748 http://www.lib.tpu.ru/fulltext/c/2014/C09/054.pdf |
| フォーマット: | MixedMaterials 電子媒体 図書の章 |
| KOHA link: | https://koha.lib.tpu.ru/cgi-bin/koha/opac-detail.pl?biblionumber=610133 |
MARC
| LEADER | 00000naa2a2200000 4500 | ||
|---|---|---|---|
| 001 | 610133 | ||
| 005 | 20260401091453.0 | ||
| 035 | |a (RuTPU)RU\TPU\conf\7718 | ||
| 035 | |a RU\TPU\conf\7717 | ||
| 090 | |a 610133 | ||
| 100 | |a 20141229d2014 k y0rusy50 ca | ||
| 101 | 0 | |a rus | |
| 102 | |a RU | ||
| 135 | |a drgn ---uucaa | ||
| 181 | 0 | |a i | |
| 182 | 0 | |a b | |
| 200 | 1 | |a Организация контроля по учебной дисциплине "Практический курс аудирования" (3 ступень) с привлечением мультимедийных технологий |d Organization of final control in listening comprehension skills training (3 level) with help of multimedia technologies |f А. С. Персидская | |
| 203 | |a Текст |c электронный | ||
| 225 | 1 | |a Современные технологии обучения в инженерном образовании. Среда электронного обучения как инструмент организации учебного процесса | |
| 300 | |a Заглавие с титульного листа. | ||
| 320 | |a [Библиогр.: с. 140 (3 назв.)] | ||
| 330 | |a The article presents the pattern of integration of electronic educational resource EAP Toolkit into the educational program of listening comprehension skills training and the ways of application of this resource to final control tests. | ||
| 337 | |a Adobe Reader | ||
| 463 | 1 | |0 (RuTPU)RU\TPU\conf\7637 |t Уровневая подготовка специалистов: электронное обучение и открытые образовательные ресурсы |o сборник трудов I Всероссийской научно-методической конференции, 20-21 марта 2014 г., Томск |f Национальный исследовательский Томский политехнический университет (ТПУ) ; ред. кол. А. И. Чучалин [и др.] |v [С. 138-140] |d 2014 | |
| 510 | 1 | |a Organization of final control in listening comprehension skills training (3 level) with help of multimedia technologies |z eng | |
| 610 | 1 | |a электронный ресурс | |
| 610 | 1 | |a труды учёных ТПУ | |
| 610 | 1 | |a контроль | |
| 610 | 1 | |a учебные дисциплины | |
| 610 | 1 | |a практические курсы | |
| 610 | 1 | |a аудирование | |
| 610 | 1 | |a мультимедийные технологии | |
| 610 | 1 | |a смешанное обучение | |
| 610 | 1 | |a образовательные ресурсы | |
| 610 | 1 | |a электронное обучение | |
| 700 | 1 | |a Персидская |b А. С. |c лингвист |c старший преподаватель Томского политехнического университета |f 1986- |g Анастасия Сергеевна |3 (RuTPU)RU\TPU\pers\33297 | |
| 712 | 0 | 2 | |a Национальный исследовательский Томский политехнический университет (ТПУ) |b Институт развития стратегического партнерства и компетенций (ИСПК) |b Кафедра методики преподавания иностранных языков (МПИЯ) |3 (RuTPU)RU\TPU\col\18976 |
| 801 | 2 | |a RU |b 63413507 |c 20210408 |g RCR | |
| 856 | 4 | |u http://earchive.tpu.ru/handle/11683/25748 | |
| 856 | 4 | |u http://www.lib.tpu.ru/fulltext/c/2014/C09/054.pdf | |
| 942 | |c BK | ||